000 00563nam a2200193Ii 4500
003 JO-AjNU
008 230606s9999||||xx |||||||||||||| ||und||
017 _a275/3/1997
040 _aJO-AjNU
_beng
_erda
_cJO-AjNU
041 _aeng
100 3 _aTranslated by T.Shunnaq,Abdullah ,
_eauthor
_93675
245 0 0 _aJadara Rises Again An Epic play
264 3 1 _aAmman:Ministry Of Culture,1997
300 _a96P
336 _atext
_btxt
_2rdacontent
337 _aunmediated
_bn
_2rdamedia
338 _avolume
_bnc
_2rdacarrier
650 4 _aLiterature - Drama
_93676
999 _aE1917
_c1917
_d1917